Input-output table of Tanzania for 1992 (Record no. 6923)

MARC details
000 -LEADER
fixed length control field 00451nam a22001337a 4500
008 - FIXED-LENGTH DATA ELEMENTS--GENERAL INFORMATION
fixed length control field 200406b ||||| |||| 00| 0 eng d
082 ## - DEWEY DECIMAL CLASSIFICATION NUMBER
Classification number 310.212 NAT
100 ## - MAIN ENTRY--PERSONAL NAME
Personal name Natinal Bureau of Statistics
245 ## - TITLE STATEMENT
Title Input-output table of Tanzania for 1992
Statement of responsibility, etc. National Bureau of Statistics
Medium English
260 ## - PUBLICATION, DISTRIBUTION, ETC. (IMPRINT)
Place of publication, distribution, etc. Dar Es Salaam
Name of publisher, distributor, etc. National Bureau of Statistics
Date of publication, distribution, etc. 1992
300 ## - PHYSICAL DESCRIPTION
Extent 155p.
Other physical details Illustration
Dimensions 27cm
650 ## - SUBJECT ADDED ENTRY--TOPICAL TERM
Source of heading or term Statics for Development
942 ## - ADDED ENTRY ELEMENTS (KOHA)
Source of classification or shelving scheme Dewey Decimal Classification
Koha item type BOOKS

No items available.

IRDP © 2021 :: Managed by ICT Team